Matemáticas aplicadas : (Registro nro. 68)

000 -CABECERA
Longitud fija campo de control 00570nam a22001937a 4500
003 - IDENTIFICADOR DELl NÚMERO DE CONTROL
Identificador del número de control OSt
005 - FECHA Y HORA DE LA ÚLTIMA TRANSACCIÓN
Fecha y hora de la última transacción 20190115150038.0
008 - CÓDIGOS DE INFORMACIÓN DE LONGITUD FIJA
Códigos de información de longitud fija 030206s2002 ck 000 0 spa d
020 ## - NÚMERO INTERNACIONAL NORMALIZADO PARA LIBROS
Número Internacional Normalizado para Libros (ISBN) 9684444370
040 ## - FUENTE DE LA CATALOGACIÓN
Centro transcriptor OSt
082 04 - NÚMERO DE LA CLASIFICACIÓN DECIMAL DEWEY
Número de edición DEWEY 21
Número de clasificación Decimal 510.024658
Número de documento (Cutter) A793
100 1# - PUNTO DE ACCESO PRINCIPAL-NOMBRE DE PERSONA
Nombre de persona Arya C. Jagdish
9 (RLIN) 1025
245 00 - TÍTULO PROPIAMENTE DICHO
Título Matemáticas aplicadas :
Resto del título a la administración y la economía /
Mención de responsabilidad, etc. Jagdish C. Arya; Robin W. Lardner
250 ## - MENCIÓN DE EDICIÓN
Mención de edición 4 ed.
260 ## - PUBLICACIÓN, DISTRIBUCIÓN, ETC. (PIE DE IMPRENTA)
Lugar de publicación, distribución, etc. México :
Nombre del editor, distribuidor, etc. Pearson Prentice Hall,
Fecha de publicación, distribución, etc. 2002.
300 ## - DESCRIPCIÓN FÍSICA
Extensión 856 p.
650 04 - PUNTO DE ACCESO ADICIONAL DE MATERIA - TÉRMINO DE MATERIA
Fuente del encabezamiento o término LEMB
Subdivisión de materia general ANÁLISIS MATEMÁTICO
9 (RLIN) 1026
942 ## - ENTRADA DE ELEMENTOS AGREGADOS (KOHA)
Fuente de clasificaión o esquema
Koha [por defecto] tipo de item Libro
Existencias
Localización permanente Signatura completa Tipo de Descarte Préstamos totales Renovaciones totales Localización en estanterías Asignatura Fuente de clasificación o esquema Fecha último préstamo Disponibilidad Fecha adquisición Localización actual No para préstamo Número de copia Código de barras Fecha última consulta Mostrar en OPAC Restricciones de uso Forma de Material Fecha de Descarte
Biblioteca Central 510.024658 A793NULL43Fondo GeneralUSAP 2018-09-11NULL2013-04-12Biblioteca Central NULLEj. 1011692018-09-13NULLNULLColección General 
Biblioteca Central 510.024658 A793NULL8955Fondo GeneralUSAP 2023-10-09NULL2013-04-12Biblioteca Central NULLEj. 2011712023-10-13NULLNULLColección General2013-04-12
Biblioteca Central 510.024658 A793NULL4022Fondo GeneralUSAP 2019-05-28NULL2013-04-12Biblioteca Central NULLEj. 3011722019-05-30NULLNULLColección General2013-04-12
Biblioteca Central 510.024658 A793NULL5937Fondo GeneralUSAP 2019-02-04NULL2013-04-12Biblioteca Central NULLEj. 4011732019-02-11NULLNULLColección General2013-04-12
Biblioteca Central 510.024658 A793NULL2 Fondo GeneralUSAP 2019-10-14NULL2019-07-23Biblioteca Central NULLEj. 5174082019-10-14NULL Colección General2019-07-23
Biblioteca Central 510.024658 A793NULL5 Fondo GeneralUSAP 2024-10-26NULL2020-01-31Biblioteca Central NULLEj. 6176532024-11-02NULL Colección General2020-01-31

Campus Universitario - Ave. Circunvalación - San Pedro Sula, Honduras, C.A. / Tel: +504 2561.8777 / Fax: +504 2561.8787 / Email: info@usap.edu
Todos los Derechos Reservados. © MMXIII Universidad de San Pedro Sula